书目信息 |
| 题名: |
美声卷
|
|
| 作者: | 宋一 主编 | |
| 分册: | 2 | |
| 出版信息: | 北京 中国青年出版社 2015 |
|
| 页数: | 102页 | |
| 开本: | 30cm | |
| 丛书名: | ||
| 单 册: | ||
| 中图分类: | J616.21 | |
| 科图分类: | ||
| 主题词: | 美声唱法--mei sheng chang fa--继续教育--教材 | |
| 电子资源: | ||
| ISBN: | 978-7-5153-3992-4 | |
| 000 | 00791nam0 22002411 450 | |
| 001 | 0116132757 | |
| 005 | 20161219103014.89 | |
| 010 | @a978-7-5153-3992-4@dCNY33.00 | |
| 100 | @a20160511d2015 em y0chiy50 ea | |
| 101 | 0 | @achi |
| 102 | @aCN@b110000 | |
| 105 | @ag z 000yy | |
| 106 | @ar | |
| 200 | 1 | @a美声卷@9mei sheng juan@h2@f宋一主编 |
| 210 | @a北京@c中国青年出版社@d2015 | |
| 215 | @a102页@d30cm | |
| 300 | @a中国音乐学院继续教育全国推广教材 | |
| 330 | @a本书共四章,包括十部经典欧洲歌剧、十部经典中国歌剧,还有常用练声曲,并对二十首中外作品及演唱进行了提示。 | |
| 606 | 0 | @a美声唱法@9mei sheng chang fa@x继续教育@j教材 |
| 690 | @aJ616.21@v5 | |
| 701 | 0 | @c(鲜)@a宋一@9song yi@f(1955.3~)@4主编 |
| 801 | 0 | @aCN@bTANGWEI@c20160820 |
| 905 | @b0952999-3003@dJ616.21@e716:2@f5 | |
| 美声卷.2/宋一主编.-北京:中国青年出版社,2015 |
| 102页;30cm |
| 中国音乐学院继续教育全国推广教材 |
| ISBN 978-7-5153-3992-4:CNY33.00 |
| 本书共四章,包括十部经典欧洲歌剧、十部经典中国歌剧,还有常用练声曲,并对二十首中外作品及演唱进行了提示。 |
| ● |
| 相关链接 |
|
|
|
|
正题名:美声卷
索取号:J616.21/716:2
 
预约/预借
| 序号 | 登录号 | 条形码 | 馆藏地/架位号 | 状态 | 备注 |
| 1 | 0952999 | 209529991 | 第一样本阅览室/ [索取号:J616.21/716:2] | 在馆 | |
| 2 | 0953000 | 209530006 | 第一借阅区/ [索取号:J616.21/716:2] | 在馆 | |
| 3 | 0953001 | 209530015 | 第一借阅区/ [索取号:J616.21/716:2] | 在馆 | |
| 4 | 0953002 | 209530024 | 第一借阅区/ [索取号:J616.21/716:2] | 在馆 | |
| 5 | 0953003 | 209530033 | 第一借阅区/ [索取号:J616.21/716:2] | 在馆 |